000 nam a22 a 4500
999 _c1099
_d1099
003 AKMAL
005 20170508135921.0
008 170508s1996 my 00 may d
020 _a9839888560 (kkt.):
_cRM 20.00
040 _aAKMAL
082 0 4 _a297.4 FAT
090 0 0 _a297.4
_bFAT
100 1 _aFatimah, Muhammad Khair
_92287
245 1 0 _aAdab dan sopan santun dalam Islam /
_cMuhammad Khayr Fatimah ; penterjemah Mohd. Sofwan Amrullah
260 _aBatu Caves :
_bPustaka Ilmi,
_c1996
300 0 0 _a156ms. ;
_c22cm
500 _aMengandungi ayat-ayat dari Quran
500 _aTerjemahan dari: Adab al-Islamiyyah.- Damsyik, Syria : Dar al Khair, 1991
650 0 _aIslam
_xCustoms and practices
_91330
650 0 _aIslam
_xDoctrines
_9894
700 0 _aMohd. Sofwan Amrullah
_91778
942 _2ddc
_cBOOK